[Event "Julian Mazur Memorial"]
[Site "Wellington Chess Club"]
[Date "2011.10.18"]
[Round "1"]
[White "Nyberg, Michael"]
[Black "Veldhuizen, Matt"]
[Result "1-0"]
[WhiteElo "2061"]
[BlackElo "1544"]

1. d4 f5 2. g3 Nf6 3. Bg2 e6 4. c4 d5 5. cxd5 exd5 6. Nc3 Bb4 7. Bg5 c6 8. Nf3
O-O 9. O-O Bxc3 10. bxc3 Nbd7 11. Qc2 Nb6 12. Ne5 Qe8 13. c4 Be6 14. c5 Nbd7
15. Nd3 Qh5 16. Nf4 Qf7 17. Rab1 b6 18. cxb6 Nxb6 19. Bxf6 Qxf6 20. Qxc6 Bd7
21. Qxf6 Rxf6 22. Nxd5 Rd6 23. Nxb6 Rd8 24. Nxd7 R6xd7 25. d5 Kf7 26. Rfc1 g6
27. Rc6 1-0

[Event "Julian Mazur Memorial"]
[Site "Wellington Chess Club"]
[Date "2011.10.18"]
[Round "1"]
[White "Salem, Edmund"]
[Black "Sellen, Ian"]
[Result "0-1"]
[WhiteElo "1528"]
[BlackElo "2054"]

1. d4 d5 2. c4 e6 3. Nf3 Nf6 4. Nc3 Be7 5. e3 O-O 6. Bd3 b6 7. a3 Bb7 8. Ne5
Nbd7 9. O-O c5 10. b3 Bd6 11. f4 Ne4 12. Qc2 Ndf6 13. Nb5 a6 14. Nxd6 Qxd6 15.
Rb1 cxd4 16. exd4 dxc4 17. Qxc4 Rac8 18. Qb4 Qxb4 19. axb4 Nc3 20. Rb2 Rfd8 21.
Be3 Nfd5 22. Bd2 Nxb4 23. Bxc3 Rxc3 24. Be2 Rxd4 25. Bh5 g6 26. Bd1 Nd5 27. g3
Ne3 28. Be2 Nxf1 29. Bxf1 Rd1 30. Nc4 Rcc1 31. Ne3 Re1 32. Kf2 Rxe3 0-1

[Event "Julian Mazur Memorial"]
[Site "Wellington Chess Club"]
[Date "2011.10.18"]
[Round "1"]
[White "Stracy, Don"]
[Black "Dive, Russell"]
[Result "0-1"]
[WhiteElo "1766"]
[BlackElo "2440"]

1. e4 Nf6 2. e5 Nd5 3. d4 d6 4. Nf3 Nc6 5. Be2 dxe5 6. dxe5 Bf5 7. a3 e6 8. O-O
Be7 9. c4 Nb6 10. Nc3 O-O 11. Be3 Nd7 12. Bf4 Nc5 13. Re1 a5 14. Nb5 a4 15.
Qxd8 Bxd8 16. Nfd4 Nxd4 17. Nxd4 Bg6 18. Rad1 c6 19. Nf3 Ba5 20. Rf1 Rfd8 21.
Bg5 Re8 22. Nd4 h6 23. Bd2 Bb6 24. Bc3 Ne4 25. Be1 Red8 26. Nf3 Rxd1 27. Bxd1
Nc5 28. Bc3 Bd3 29. Re1 Bxc4 30. Bc2 Rd8 31. Bd4 Bb5 32. Bc3 Nd3 33. Bxd3 Rxd3
34. Nd2 c5 35. Ne4 Bc6 36. Nd6 Bc7 37. Nc4 b5 38. Na5 Bd5 39. Rc1 Rxc3 40. Rxc3
Bxa5 41. Rxc5 Bc4 42. Rc8+ Kh7 43. g3 Bd2 44. f4 Bc1 45. b3 axb3 0-1

[Event "Julian Mazur Memorial"]
[Site "Wellington Chess Club"]
[Date "2011.10.18"]
[Round "1"]
[White "Van der Hoorn, Mark"]
[Black "Capper, David"]
[Result "0-1"]
[WhiteElo "2182"]
[BlackElo "1728"]

1. f3 g6 2. Kf2 Bg7 3. Kg3 d5 4. Kh4 Qd6 5. g4 h5 6. Kh3 hxg4+ 7. Kg2 Be5 8. e3
gxf3+ 9. Nxf3 Bh3+ 10. Kg1 Bg4 11. Bg2 Rxh2 12. c4 Rxh1+ 13. Kxh1 c6 14. cxd5
g5 15. Qb3 Bxf3 16. Bxf3 Qh6+ 17. Kg1 Qh2+ 18. Kf1 Qh3+ 19. Bg2 Qf5+ 20. Ke2
Qd7 21. Nc3 Nf6 22. d4 Bg3 23. e4 cxd5 24. e5 Nc6 25. Nb5 Ne4 26. Bxe4 dxe4 27.
Qxg3 Nxd4+ 28. Nxd4 Qxd4 29. Qc3 Qd7 30. e6 Qb5+ 31. Ke1 f6 32. Be3 Rd8 33. Rd1
Rxd1+ 34. Kxd1 Qd5+ 35. Qd4 Qxe6 36. Qxa7 Qc6 37. Qd4 Kf7 38. Ke1 Kg6 39. b4 f5
40. Bd2 f4 41. b5 Qe6 42. a4 e3 43. Bc3 Kh5 44. a5 Qb3 45. b6 Kh4 46. Kf1 Qb5+
47. Ke1 Qb1+ 48. Qd1 Qe4 49. Qe2 Kg3 50. a6 bxa6 51. Qxa6 Qb1+ 52. Ke2 Qc2+ 53.
Ke1 Qxc3+ 54. Kf1 Qc1+ 55. Ke2 Qd2+ 56. Kf1 Qf2# 0-1

[Event "Julian Mazur Memorial"]
[Site "Wellington Chess Club"]
[Date "2011.10.18"]
[Round "1"]
[White "Wastney, Scott"]
[Black "Roberts, Michael"]
[Result "1-0"]
[WhiteElo "2357"]
[BlackElo "1746"]

1. e4 e6 2. d4 d5 3. Bd3 dxe4 4. Bxe4 Nf6 5. Bf3 c5 6. Ne2 cxd4 7. Qxd4 Qxd4 8.
Nxd4 a6 9. O-O Be7 10. Nc3 O-O 11. Be3 e5 12. Nb3 Nbd7 13. Rfd1 Bb4 14. Na4 e4
15. Be2 Re8 16. a3 Bf8 17. h3 h6 18. c4 Rb8 19. c5 g5 20. Na5 Bg7 21. Nc4 Ne5
22. Nd6 Rd8 23. Nxc8 Rbxc8 24. Nb6 Rxd1+ 25. Rxd1 Re8 26. b4 Nc6 27. Nc4 Rd8
28. Rxd8+ Nxd8 29. Nd6 Nd7 30. Nxb7 1-0

[Event "Julian Mazur Memorial"]
[Site "Wellington Chess Club"]
[Date "2011.10.18"]
[Round "1"]
[White "Whittle, Jonathon"]
[Black "Nijman, Brian"]
[Result "0-1"]
[WhiteElo "1723"]
[BlackElo "2205"]

1. e4 c6 2. Nf3 d5 3. d3 Nf6 4. Nbd2 Bg4 5. g3 dxe4 6. dxe4 Nxe4 7. Bg2 Nf6 8.
O-O e6 9. c4 Na6 10. Qc2 Bf5 11. Qc3 Qd3 12. Qxd3 Bxd3 13. Re1 O-O-O 14. Ne5
Bg6 15. Nb3 Nb4 16. Re2 Rd1+ 17. Bf1 Be7 18. Rd2 Rd8 19. Rxd8+ Bxd8 20. Bd2
Rxa1 21. Nxa1 Nxa2 22. Nb3 Ne4 23. Be3 Bf6 24. Nxg6 hxg6 25. Bxa7 Bxb2 26. Bd3
Nf6 27. Bc5 Nd7 28. Bd6 Be5 29. Ba3 Nc3 30. Nd2 Bd4 31. Nf3 Bf6 32. Nd2 b5 33.
Kg2 Ne5 34. Bf1 Nxc4 35. Nxc4 bxc4 36. Bxc4 Nd5 37. Bc5 Kd7 38. Kf3 Be7 39. Bd4
f6 40. Bd3 g5 41. Bc4 c5 42. Bb5+ Kd6 43. Bb2 Nb6 44. Ke4 f5+ 45. Kd3 Bf6 46.
Bxf6 gxf6 47. Be8 g4 48. Bb5 Ke5 49. Bc6 f4 50. Be8 fxg3 51. hxg3 Kd5 52. Bh5
Nd7 53. Be8 Ne5+ 54. Ke3 Kc4 55. Ba4 Kc3 56. Bd1 c4 57. Ke2 Kb2 58. Ba4 c3 59.
Kd1 Nf3 60. Bc2 Nd4 61. Be4 f5 62. Bd3 e5 0-1

[Event "Julian Mazur Memorial"]
[Site "Wellington Chess Club"]
[Date "2011.10.18"]
[Round "1"]
[White "Wilkins, Mark"]
[Black "Sknar, Andrew"]
[Result "1-0"]
[WhiteElo "1918"]
[BlackElo "1084"]

1. d4 d5 2. c4 c6 3. Nc3 Be6 4. cxd5 cxd5 5. Nf3 Nf6 6. e3 g6 7. Ne5 Bg7 8.
Bb5+ Nbd7 9. O-O O-O 10. Nd3 Bg4 11. f3 Bf5 12. Kh1 Qc7 13. Nf4 Nb6 14. Bd2 Nc4
15. Ncxd5 Qd6 16. Nxf6+ Bxf6 17. Bxc4 Qb6 18. Qb3 Qxb3 19. Bxb3 Be6 20. Nxe6
fxe6 21. Bxe6+ Kh8 22. Rac1 Rac8 23. Rxc8 Rxc8 24. Bxc8 b5 25. Ba6 e5 26. d5
Kg8 27. e4 Kf8 28. Bxb5 Ke7 29. Bb4+ Kd8 30. Rc1 a5 31. Bxa5+ Ke7 32. Rc7+ Kf8
33. d6 Bd8 34. Rc8 Kf7 35. Bxd8 Ke6 36. Bc7 Kf7 37. d7 Ke7 38. d8=Q+ Ke6 39.
Bc4# 1-0

[Event "Julian Mazur Memorial"]
[Site "Wellington Chess Club"]
[Date "2011.10.25"]
[Round "2"]
[White "Brockway, Andrew"]
[Black "Salem, Edmund"]
[Result "1-0"]
[WhiteElo "1811"]
[BlackElo "1528"]

1. e4 c5 2. Nc3 Nc6 3. Bb5 a6 4. Bxc6 bxc6 5. f4 d5 6. e5 e6 7. Nf3 Ne7 8. O-O
Ng6 9. d3 Be7 10. Qe1 O-O 11. Ne2 f6 12. Ng3 fxe5 13. Nxe5 Nxe5 14. fxe5 d4 15.
Bd2 a5 16. Ne4 Ba6 17. Bxa5 Qd5 18. Bc7 c4 19. Rxf8+ Rxf8 20. Qd2 cxd3 21. cxd3
Qb5 22. Nf2 Rc8 23. Bd6 Bxd6 24. exd6 Rd8 25. Ne4 Qxd3 26. Qxd3 Bxd3 27. Nc5
Bf5 28. d7 e5 29. Re1 Bxd7 30. Nxd7 Rxd7 31. Rxe5 d3 32. Re1 Kf7 33. Kf2 c5 34.
b3 Re7 35. Rxe7+ Kxe7 36. Ke3 Kd6 37. Kxd3 Kc6 38. Kc4 Kb6 39. g4 g5 40. a4 Kc6
41. a5 Kd6 42. a6 Kc7 43. Kxc5 Kb8 44. b4 Ka7 45. b5 Kb8 46. b6 Ka8 47. Kc6 Kb8
48. b7 Ka7 49. Kc7 1-0

[Event "Julian Mazur Memorial"]
[Site "Wellington Chess Club"]
[Date "2011.10.25"]
[Round "2"]
[White "Capper, David"]
[Black "Aldridge, Alan"]
[Result "0-1"]
[WhiteElo "1728"]
[BlackElo "1944"]

1. Nf3 c6 2. g3 d5 3. Bg2 Nf6 4. d3 g6 5. Nbd2 Bg7 6. O-O O-O 7. Re1 Re8 8. e4
dxe4 9. dxe4 b5 10. Qe2 Qb6 11. c3 e5 12. Nb3 Nbd7 13. Qc2 Bb7 14. Be3 c5 15.
Nh4 Ng4 16. Qe2 Nxe3 17. Qxe3 Rad8 18. Rad1 Qc7 19. Bh3 c4 20. Bxd7 Rxd7 21.
Nc5 Rxd1 22. Rxd1 Bc8 23. Rd5 Bf8 24. Nf3 f6 25. Nd2 Rd8 26. Rxd8 Qxd8 27. b4
Bh3 28. f4 Bxc5 29. bxc5 Qc7 30. Nf3 exf4 31. gxf4 Qd7 32. Qf2 Qd3 33. e5 fxe5
34. fxe5 Qxc3 35. Qg3 Qa1+ 36. Kf2 Qf1+ 37. Ke3 Qd3+ 38. Kf2 Bf5 39. Qh4 c3 40.
Qe7 Qd7 41. Qxd7 Bxd7 42. Nd4 Kf7 43. Ke2 b4 44. c6 Bc8 45. Kd3 a5 46. Kc2 g5
47. c7 h5 48. Nc6 Ke6 49. Na7 Bb7 50. c8=Q+ Bxc8 51. Nxc8 Kxe5 52. Ne7 g4 53.
Ng6+ Kf5 54. Nh4+ Kg5 55. Ng2 h4 56. a3 h3 57. Ne3 Kf4 58. Nc4 g3 59. hxg3+
Kxg3 60. Ne3 h2 61. Nf1+ Kg2 62. Nxh2 Kxh2 63. axb4 axb4 0-1

[Event "Julian Mazur Memorial"]
[Site "Wellington Chess Club"]
[Date "2011.10.25"]
[Round "2"]
[White "Dive, Russell"]
[Black "Nyberg, Michael"]
[Result "0-1"]
[WhiteElo "2440"]
[BlackElo "2061"]

1. c4 Nf6 2. Nc3 e5 3. g3 c6 4. Bg2 Na6 5. Nf3 d6 6. d4 Qc7 7. O-O Bf5 8. Nh4
Bg4 9. h3 Bd7 10. Kh2 Be7 11. e3 g5 12. Nf3 g4 13. Nd2 gxh3 14. Bxh3 h5 15.
dxe5 dxe5 16. Bxd7+ Qxd7 17. Nde4 Ng4+ 18. Kg2 Qe6 19. f3 Nh6 20. Rh1 f5 21.
Nf2 h4 22. gxh4 Rg8+ 23. Kf1 Rd8 24. Qe2 Qg6 25. Ke1 Qg2 26. Qf1 Qxf3 27. Qe2
Qg2 28. Qh5+ Nf7 29. Qxf5 Nb4 30. Ke2 Nd3 31. Ne4 Nxf2 32. Nxf2 Nh6 33. Qh5+
Nf7 34. Qf3 Qg6 35. e4 Nd6 36. h5 Qe6 37. b3 Rf8 38. Qh3 Qf7 39. Be3 Nxc4 40.
Rad1 Nxe3 41. Qxe3 Rxd1 42. Nxd1 Bg5 43. Qg3 Bf4 44. Qg4 Ke7 45. Qh4+ Ke8 46.
h6 Qd7 47. Nf2 Qd2+ 48. Kf1 Be3 49. Rh2 Qd1+ 50. Kg2 Rxf2+ 51. Qxf2 Bxf2 52.
Kxf2 Qc2+ 53. Kg3 Qxe4 54. h7 Qg6+ 55. Kf2 Qf6+ 56. Ke2 Qh8 57. Ke3 Ke7 58. Ke4
Kd6 59. b4 Ke6 60. a4 Kf6 61. a5 Kg6 62. Rh3 b6 63. axb6 axb6 64. Rg3+ Kf6 65.
Rh3 c5 66. Kd5 cxb4 67. Rh2 b3 68. Kd6 b2 0-1

[Event "Julian Mazur Memorial"]
[Site "Wellington Chess Club"]
[Date "2011.10.25"]
[Round "2"]
[White "Jackson, Ross"]
[Black "Wastney, Scott"]
[Result "0-1"]
[WhiteElo "1969"]
[BlackElo "2357"]

1. d4 Nf6 2. c4 g6 3. Nc3 Bg7 4. e4 d6 5. f4 O-O 6. Nf3 Na6 7. Be2 e5 8. fxe5
dxe5 9. d5 Nc5 10. Qc2 Nfxe4 11. Nxe4 Bf5 12. Bd3 Bxe4 13. Bxe4 f5 14. Bxf5
Rxf5 15. Be3 e4 16. Nd4 Nd3+ 17. Ke2 Bxd4 18. Bxd4 Qg5 19. g3 Raf8 20. Qc3 Rf2+
0-1

[Event "Julian Mazur Memorial"]
[Site "Wellington Chess Club"]
[Date "2011.10.25"]
[Round "2"]
[White "Nijman, Brian"]
[Black "Wilkins, Mark"]
[Result "1-0"]
[WhiteElo "2205"]
[BlackElo "1918"]

1. g3 c6 2. c4 Nf6 3. Bg2 d5 4. Nf3 Nbd7 5. cxd5 cxd5 6. Nc3 e6 7. O-O a6 8. d4
Bd6 9. e4 dxe4 10. Ng5 O-O 11. Ngxe4 Be7 12. d5 exd5 13. Nxd5 Nxd5 14. Qxd5 Nf6
15. Qb3 Re8 16. Rd1 Qa5 17. Ng5 Rf8 18. Bf4 Nh5 19. Rd5 Qb4 20. Qxb4 Bxb4 21.
Bd6 Bxd6 22. Rxd6 h6 23. Ne4 Rb8 24. Rc1 f5 25. Bf3 fxe4 26. Bxh5 Bh3 27. Be2
Rbc8 28. Rc3 Rxc3 29. bxc3 Rc8 30. c4 b5 31. Rd4 Be6 32. Rxe4 Bxc4 33. Bxc4+
bxc4 34. Re2 c3 35. Rc2 Kf7 36. Kf1 Ke6 37. Ke2 Kf5 38. f3 h5 39. h4 g5 40.
hxg5 Kxg5 41. Kd3 h4 42. gxh4+ Kxh4 43. Rxc3 Rf8 44. Kc4 Kg3 45. Kb4 Rf5 46.
Rb3 Rd5 47. Ka4 Rd2 48. a3 Rd5 49. Rb6 Rd4+ 50. Ka5 Rd3 51. a4 Kxf3 52. Kxa6
Ra3 53. Rb4 Ke3 54. Kb6 Kd3 55. a5 Kc3 56. Rb1 Kc4 57. a6 Re3 58. Rc1+ Kd5 59.
Kb7 Kd6 60. Rd1+ Kc5 61. Rc1+ Kd6 62. Rb1 Re7+ 63. Kb6 Re6 64. a7 Re8 65. Rd1+
1-0

[Event "Julian Mazur Memorial"]
[Site "Wellington Chess Club"]
[Date "2011.10.25"]
[Round "2"]
[White "Pomeroy, Arthur"]
[Black "Kay, Bruce"]
[Result "1/2-1/2"]
[WhiteElo "2114"]
[BlackElo "1833"]

1. e4 e5 2. Nf3 Nc6 3. Bb5 a6 4. Bxc6 dxc6 5. O-O f6 6. d4 exd4 7. Nxd4 c5 8.
Ne2 Qxd1 9. Rxd1 Bd7 10. Bf4 O-O-O 11. Nbc3 Ne7 12. Bg3 Ng6 13. Nd5 Ne5 14.
Nef4 Bd6 15. b3 Rhe8 16. f3 f5 17. Bh4 g5 18. Bxg5 Nxf3+ 19. gxf3 Rg8 20. Nb6+
cxb6 21. Rxd6 Rxg5+ 22. Kf2 Rgg8 23. Rad1 fxe4 24. fxe4 Bc6 25. Rxd8+ Rxd8 26.
Rxd8+ Kxd8 27. Ke3 Ke7 28. Nh3 b5 29. a3 a5 30. Nf4 Kf6 31. c4 bxc4 32. bxc4 b5
33. cxb5 Bxb5 34. Nd5+ Kf7 35. Kf4 Bc4 36. Nc3 Be6 37. e5 Kg7 { rest of the
game illegible} 1/2-1/2

[Event "Julian Mazur Memorial"]
[Site "Wellington Chess Club"]
[Date "2011.10.25"]
[Round "2"]
[White "Roberts, Michael"]
[Black "Palmer, Luke"]
[Result "1-0"]
[WhiteElo "1746"]
[BlackElo "1169"]

1. d4 d5 2. c4 e6 3. Nf3 Nf6 4. e3 Nc6 5. cxd5 exd5 6. Bb5 Bb4+ 7. Bd2 Bxd2+ 8.
Nfxd2 O-O 9. O-O h6 10. Nc3 Qe7 11. a3 Ne4 12. Ndxe4 dxe4 13. Qc2 Qe6 14. d5
Qd6 15. dxc6 bxc6 16. Nxe4 Qg6 17. Bd3 Bf5 18. Nf6+ Qxf6 19. Bxf5 Rad8 20. Rad1
Rde8 21. Bh3 Rb8 22. b4 Rb6 23. Rd7 Qe5 24. Rfd1 Qf6 25. Rxc7 a6 26. g3 g6 27.
Bg2 Rbb8 28. Rxc6 Qe7 29. Rc7 Qe5 30. Qc3 Qe6 31. Rc6 Qf5 32. e4 Qg5 33. h4 Qg4
34. Bf3 Qh3 35. Rdd6 a5 36. Rxg6+ fxg6 37. Rxg6+ Kf7 38. Rg7+ Ke8 39. Qe5+ Kd8
40. Qd6+ Kc8 41. Qxf8# 1-0

[Event "Julian Mazur Memorial"]
[Site "Wellington Chess Club"]
[Date "2011.10.25"]
[Round "2"]
[White "Sellen, Ian"]
[Black "Ker, Anthony"]
[Result "0-1"]
[WhiteElo "2054"]
[BlackElo "2492"]

1. c4 d6 2. Nc3 e5 3. g3 f5 4. Bg2 Nf6 5. Nf3 Be7 6. d4 e4 7. Ng5 c6 8. h4 d5
9. c5 b6 10. b4 a5 11. bxa5 bxc5 12. dxc5 h6 13. Nh3 d4 14. Nb1 Qxa5+ 15. Qd2
Be6 16. Bb2 Bxc5 17. a3 Nbd7 18. O-O Qxd2 19. Nxd2 O-O 20. Nf4 Bf7 21. Rfb1
Rfb8 22. Bc1 Bb6 23. a4 c5 24. Rb5 Ra5 25. h5 Rxb5 26. axb5 Ne5 27. Bh3 Nfg4
28. f3 exf3 29. exf3 Ne3 30. Kf2 c4 31. Nb1 Nc2 32. Ra6 d3+ 33. Kf1 Nd4 34. Be3
Nexf3 35. Bxf5 d2 0-1

[Event "Julian Mazur Memorial"]
[Site "Wellington Chess Club"]
[Date "2011.10.25"]
[Round "2"]
[White "Stoeveken, Peter"]
[Black "Havukkala, Ilkka"]
[Result "1-0"]
[WhiteElo "1858"]
[BlackElo "1851"]

1. f4 Nf6 2. Nf3 c5 3. b3 Nc6 4. Bb2 e6 5. c4 Be7 6. Qc2 Qc7 7. e3 Nb4 8. Qd1
b6 9. a3 Nc6 10. Nc3 Bb7 11. Qc2 a6 12. Bd3 Na5 13. Ne4 Nxe4 14. Bxe4 f5 15.
Bxb7 Qxb7 16. b4 cxb4 17. axb4 Bxb4 18. Bxg7 Rg8 19. Qb2 Nc6 20. Ng5 Ne7 21.
Rg1 O-O-O 22. Nf7 Rde8 23. Qxb4 Rxg7 24. Nd6+ 1-0

[Event "Julian Mazur Memorial"]
[Site "Wellington Chess Club"]
[Date "2011.10.25"]
[Round "2"]
[White "Theodosiou, Andreas"]
[Black "Whittle, Jonathon"]
[Result "0-1"]
[WhiteElo "1227"]
[BlackElo "1732"]

1. e4 g6 2. d4 Bg7 3. Nc3 d6 4. Bc4 e6 5. Be3 a6 6. f4 Ne7 7. Nf3 b5 8. Bb3 Nd7
9. a4 b4 10. Ne2 Bb7 11. Ng3 Nf6 12. Nd2 d5 13. e5 Nd7 14. c4 bxc3 15. bxc3 c5
16. Rb1 Qa5 17. Ne2 Nf5 18. Bf2 h5 19. Bc2 Rb8 20. Bxf5 exf5 21. h4 O-O 22. O-O
Bc6 23. Nb3 Qxa4 24. Nxc5 Nxc5 25. dxc5 Qe4 26. Bd4 Rxb1 27. Qxb1 Qxe2 28. Re1
Qb5 29. Qxb5 Bxb5 30. e6 Bxd4+ 31. cxd4 Re8 32. e7 f6 33. Re6 Kf7 34. Rd6 Kxe7
35. Rxd5 Rd8 36. Rxd8 Kxd8 37. d5 a5 38. Kf2 a4 0-1

[Event "Julian Mazur Memorial"]
[Site "Wellington Chess Club"]
[Date "2011.10.25"]
[Round "2"]
[White "Veldhuizen, Matt"]
[Black "Stracy, Don"]
[Result "0-1"]
[WhiteElo "1544"]
[BlackElo "1766"]

1. c4 Nf6 2. g3 e5 3. Bg2 c6 4. Nc3 d5 5. cxd5 cxd5 6. e3 Nc6 7. Nge2 Be7 8. a3
O-O 9. d4 e4 10. O-O Bg4 11. Qc2 Qd7 12. Re1 Rfd8 13. b4 a6 14. Bb2 Rac8 15.
Qb3 b5 16. Nf4 g5 17. Nfe2 a5 18. bxa5 Nxa5 19. Qxb5 Qxb5 20. Nxb5 Rc2 21. Bc3
Nc4 22. Bf1 Rc8 23. h3 Bd7 24. a4 Nd2 25. Rec1 Rxc1 26. Rxc1 Nxf1 27. Kxf1
Bxh3+ 28. Ke1 Bd7 29. Rb1 Rc4 30. a5 Ne8 31. Kd2 Nc7 32. Nxc7 Rxc7 33. Rb8+ Kg7
34. a6 Ra7 35. Rb7 Rxb7 36. axb7 Bd6 37. Bb4 Bxb4+ 0-1

[Event "Julian Mazur Memorial"]
[Site "Wellington Chess Club"]
[Date "2011.11.01"]
[Round "3"]
[White "Aldridge, Alan"]
[Black "Stoeveken, Peter"]
[Result "0-1"]
[WhiteElo "1944"]
[BlackElo "1858"]

1. e4 e6 2. d4 d5 3. exd5 exd5 4. Nf3 Nf6 5. Be2 Be7 6. O-O O-O 7. h3 c6 8. Bf4
Qb6 9. b3 Nbd7 10. Nc3 Bb4 11. Na4 Qa5 12. a3 Be7 13. Bd3 Ne4 14. Re1 Ndf6 15.
Nc5 Bxc5 16. dxc5 Qxc5 17. b4 Qxf2+ 18. Kh2 Qb6 19. c4 Bf5 20. c5 Qd8 21. Bxe4
Nxe4 22. Qd4 Qc8 23. Ng5 Nxg5 24. Bxg5 Re8 25. Re3 Qd7 26. Rae1 Rxe3 27. Rxe3
Re8 28. Rg3 Re4 29. Qd2 Bg6 30. h4 Qc7 31. Qd1 h6 0-1

[Event "Julian Mazur Memorial"]
[Site "Wellington Chess Club"]
[Date "2011.11.01"]
[Round "3"]
[White "Havukkala, Ilkka"]
[Black "Roberts, Michael"]
[Result "0-1"]
[WhiteElo "1851"]
[BlackElo "1746"]

1. d4 Nf6 2. Nf3 e6 3. Bg5 Be7 4. e3 b6 5. Bd3 Bb7 6. Nbd2 d5 7. Ne5 Nbd7 8. f4
Nxe5 9. fxe5 Ne4 10. Bxe7 Qxe7 11. Bxe4 dxe4 12. Qg4 O-O-O 13. O-O-O h5 14. Qe2
f6 15. exf6 gxf6 16. Rhf1 Kb8 17. c4 f5 18. Nb3 Ba6 19. Qc2 Qb4 20. Nd2 Qd6 21.
Qa4 Bb7 22. Rf4 e5 23. dxe5 Qxe5 24. Qb5 c5 25. g3 Rd3 26. Nf1 Rxd1+ 27. Kxd1
Rd8+ 28. Kc2 Qd6 29. Rf2 Qd1+ 30. Kc3 0-1

[Event "Julian Mazur Memorial"]
[Site "Wellington Chess Club"]
[Date "2011.11.01"]
[Round "3"]
[White "Ker, Anthony"]
[Black "Nijman, Brian"]
[Result "1-0"]
[WhiteElo "2492"]
[BlackElo "2205"]

1. e4 c6 2. d4 d5 3. exd5 cxd5 4. c4 Nf6 5. Nc3 Be6 6. Qb3 dxc4 7. Qxb7 Nbd7 8.
d5 Rb8 9. Qxa7 Nxd5 10. Nf3 Nb4 11. Qa4 Bf5 12. Nd4 Bd3 13. Nc6 Nc2+ 14. Qxc2
Bxc2 15. Nxd8 Rxd8 16. Bxc4 e6 17. O-O Bb4 18. Bg5 f6 19. Rac1 Bf5 20. Bf4 Nc5
21. a3 Bxc3 22. Bb5+ Ke7 23. Rxc3 Rc8 24. Rfc1 Rhd8 25. Be3 1-0

[Event "Julian Mazur Memorial"]
[Site "Wellington Chess Club"]
[Date "2011.11.01"]
[Round "3"]
[White "Marney, John"]
[Black "Brockway, Andrew"]
[Result "0-1"]
[WhiteElo "1642"]
[BlackElo "1811"]

1. e4 c5 2. Nc3 g6 3. f4 Bg7 4. Nf3 e6 5. Bc4 Ne7 6. d3 Nbc6 7. O-O O-O 8. Qe1
Nd4 9. Nxd4 Bxd4+ 10. Be3 Bxe3+ 11. Qxe3 d5 12. Qxc5 dxc4 13. Qxc4 Qb6+ 14. Kh1
Bd7 15. b4 Rac8 16. Qb3 Qc6 17. Ne2 Qxc2 18. Nd4 Qc3 19. Qxc3 Rxc3 20. Rfd1 Ba4
21. Ne2 Rc7 22. Rac1 Rfc8 23. Rxc7 Rxc7 24. Rc1 Rxc1+ 25. Nxc1 Nc6 26. a3 Nd4
27. Na2 Nb5 28. Kg1 Bc2 29. Nc1 Nxa3 30. Kf2 Nb5 31. Ke3 Kf8 32. Ne2 Ke7 33.
Nd4 Nxd4 34. Kxd4 Kd6 35. g4 b6 36. e5+ Kc6 37. Kc3 Bd1 38. h3 a5 39. bxa5 bxa5
40. d4 Kd5 41. Kd2 Ba4 42. Kc3 Bb5 43. h4 a4 0-1

[Event "Julian Mazur Memorial"]
[Site "Wellington Chess Club"]
[Date "2011.11.01"]
[Round "3"]
[White "Rabina, Romeo"]
[Black "Dive, Russell"]
[Result "0-1"]
[WhiteElo "1781"]
[BlackElo "2440"]

1. d4 Nf6 2. Nf3 c5 3. Nc3 cxd4 4. Nxd4 d5 5. Nf3 Nc6 6. e3 Bg4 7. h3 Bh5 8. g4
Bg6 9. Nh4 e6 10. Nxg6 hxg6 11. Bg2 Ne5 12. Qe2 a6 13. a3 Rc8 14. Bd2 Nc4 15.
Rb1 Bd6 16. Bc1 Nxa3 17. bxa3 Rxc3 18. Rb3 Qc7 19. Rxc3 Qxc3+ 20. Qd2 Qa1 21.
O-O O-O 22. Qa5 Nd7 23. Bf3 Qe5 0-1

[Event "Julian Mazur Memorial"]
[Site "Wellington Chess Club"]
[Date "2011.11.01"]
[Round "3"]
[White "Stracy, Don"]
[Black "Sellen, Ian"]
[Result "0-1"]
[WhiteElo "1766"]
[BlackElo "2054"]

1. e4 e6 2. d4 d5 3. Nd2 c5 4. exd5 exd5 5. Bb5+ Nc6 6. Qe2+ Qe7 7. dxc5 Qxe2+
8. Nxe2 Bxc5 9. Nb3 Bd6 10. O-O a6 11. Bd3 Nge7 12. c3 O-O 13. Bf4 Ne5 14. Rad1
Rd8 15. Bb1 Nc4 16. Bc1 b5 17. Nbd4 Bg4 18. Rfe1 Rac8 19. f3 Bd7 20. Nf4 b4 21.
cxb4 Bxb4 22. Re2 Nc6 23. Nxc6 Bxc6 24. Nd3 Ba5 25. b3 Nd6 26. Ne5 Bb5 27. Bd3
f6 28. Ng4 Bxd3 29. Rxd3 Rxc1+ 30. Kf2 Bb6+ 31. Kg3 h5 32. Ne3 Bxe3 33. Rdxe3
Nf5+ 0-1

[Event "Julian Mazur Memorial"]
[Site "Wellington Chess Club"]
[Date "2011.11.01"]
[Round "3"]
[White "Wastney, Scott"]
[Black "Nyberg, Michael"]
[Result "1-0"]
[WhiteElo "2357"]
[BlackElo "2061"]

1. e4 e5 2. Nf3 d6 3. d4 Nd7 4. Bc4 Be7 5. dxe5 Nxe5 6. Nxe5 dxe5 7. Qh5 g6 8.
Qxe5 f6 9. Qd5 Qxd5 10. Bxd5 c6 11. Bb3 Bd7 12. Be3 a5 13. a4 Bb4+ 14. c3 Bd6
15. Nd2 O-O-O 16. Nc4 Bc7 17. Nb6+ Kb8 18. O-O-O Bc8 19. Rxd8 Bxd8 20. Nxc8
Kxc8 21. Rd1 Bc7 22. Be6+ Kb8 23. Rd7 h5 24. Rg7 Nh6 25. Rxg6 Ng4 26. Bxg4 hxg4
27. Rxg4 Kc8 28. h4 Rh5 29. Rg8+ Kd7 30. Rg7+ Kc8 31. g3 b5 32. b3 bxa4 33.
bxa4 Bd6 34. Kc2 Bc7 35. Rf7 Bd8 36. Bd4 Rh6 37. Kd3 Rg6 38. h5 Rh6 39. g4 Kb8
40. Be3 Rh8 41. h6 Kc8 42. h7 1-0

[Event "Julian Mazur Memorial"]
[Site "Wellington Chess Club"]
[Date "2011.11.01"]
[Round "3"]
[White "Whittle, Jonathon"]
[Black "Jackson, Ross"]
[Result "0-1"]
[WhiteElo "1732"]
[BlackElo "1969"]

1. e4 c5 2. Nc3 d6 3. g3 Nf6 4. Bg2 g6 5. d3 Bg7 6. Be3 O-O 7. Qd2 Ng4 8. Bf4
Nc6 9. h3 Nge5 10. Bh6 Nd4 11. Bxg7 Kxg7 12. f4 Nec6 13. Nd1 Qa5 14. c3 Nb5 (
14... Nb3 15. axb3 Qxa1) 15. Ne3 Qd8 16. Ne2 Bd7 17. O-O Nc7 18. f5 f6 19. h4
Ne5 20. Nf4 Rb8 21. Bf3 Nxf3+ 22. Rxf3 e5 23. Nh3 Bc6 24. Ng4 gxf5 25. Qh6+ Kh8
26. Rxf5 Bd7 27. Raf1 (27. Rxf6) 27... Bxf5 28. Rxf5 Rg8 29. Nxf6 Rxg3+ 30. Kh2
Rg7 31. Ng5 Qe7 32. Nh5 Rg6 33. Qxg6 hxg6 34. Nf7+ Kg8 35. Nh6+ Kh7 36. Rf7+
Qxf7 37. Nxf7 gxh5 38. Nxd6 Kg6 0-1

[Event "Julian Mazur Memorial"]
[Site "Wellington Chess Club"]
[Date "2011.11.01"]
[Round "3"]
[White "Wilkins, Mark"]
[Black "Pomeroy, Arthur"]
[Result "1/2-1/2"]
[WhiteElo "1918"]
[BlackElo "2114"]

1. d4 Nf6 2. Bg5 Ne4 3. Bf4 c5 4. f3 Qa5+ 5. c3 Nf6 6. d5 Qb6 7. Bc1 e5 8. e4
d6 9. Nd2 Be7 10. Nc4 Qd8 11. Ne3 O-O 12. Bd3 Nbd7 13. Ne2 Ne8 14. Nf5 Bg5 15.
Bb5 a6 16. Bxd7 Bxd7 17. Neg3 g6 18. Bxg5 Qxg5 19. h4 Qd8 20. Nh6+ Kg7 21. Qd2
f5 22. exf5 gxf5 23. Nh5+ Kh8 24. g4 Nf6 25. Nxf6 Qxf6 26. g5 Qg7 27. O-O-O f4
28. Rdg1 Rae8 29. Ng4 Bxg4 1/2-1/2

[Event "Julian Mazur Memorial"]
[Site "Wellington Chess Club"]
[Date "2011.11.03"]
[Round "3"]
[White "Palmer, Luke"]
[Black "Theodosiou, Andreas"]
[Result "0-1"]
[WhiteElo "1169"]
[BlackElo "1227"]

1. e4 c6 2. Nc3 d5 3. d3 d4 4. Na4 e5 5. Nf3 Nd7 6. g3 b5 7. Bh3 bxa4 8. Bxd7+
Bxd7 9. Nxe5 Qa5+ 10. Bd2 Qxe5 11. Qf3 Bd6 12. Bf4 Qc5 13. O-O-O Bxf4+ 14. Qxf4
Ne7 15. Qc7 Be6 16. Qb7 O-O 17. c4 dxc3 18. bxc3 Qxc3+ 19. Kb1 Rfb8 20. Qxb8+
Rxb8# 0-1

[Event "Julian Mazur Memorial"]
[Site "Wellington Chess Club"]
[Date "2011.11.08"]
[Round "4"]
[White "Havukkala, Ilkka"]
[Black "Veldhuizen, Matt"]
[Result "1-0"]
[WhiteElo "1851"]
[BlackElo "1544"]

1. d4 f5 2. Nf3 Nf6 3. c4 e6 4. Qc2 b6 5. Bg5 Be7 6. Nbd2 Bb7 7. a3 O-O 8. Rc1
d6 9. b4 Ne4 10. Bxe7 Qxe7 11. h4 h6 12. Nb3 Nd7 13. Nfd2 Ndf6 14. Rh3 Nxd2 15.
Nxd2 Ng4 16. Qc3 Qf7 17. f3 Nf6 18. g3 Qg6 19. Bg2 Nh5 20. Kf2 Nf6 21. Nf1 a5
22. f4 Ne4+ 23. Bxe4 fxe4 24. Ne3 axb4 25. axb4 Bc8 26. Rhh1 Bb7 27. Ra1 Qh5
28. Rxa8 Rxa8 29. Ra1 Qe8 30. Ra3 Qd8 31. Qa1 d5 32. Rxa8 Qxa8 33. Qxa8+ Bxa8
34. c5 b5 35. Ng4 c6 36. Ne5 Kf8 37. Kg2 Bb7 38. Kh3 Ke7 39. Kg4 Kf6 40. Kh5
Ba8 41. g4 Bb7 42. e3 Ba8 43. Nd7+ Kf7 44. g5 hxg5 45. Kxg5 Bb7 46. Ne5+ Kg8
47. Kg6 Ba8 48. Nf7 Kf8 49. Nd8 Ke7 50. Kxg7 1-0